000 01294cam a22003737a 4500
001 000070711
003 CHAP
005 20220329141427.0
008 971013s1987 r 00010 d
010 _a67982
011 _a68954
035 _a78428
040 _cCHAP
082 _a631.47
_bG4
100 0 0 _aGeissert Kientz, Daniel
_947409
245 1 3 _aLa morfoedafología en la ordenación de los paisajes rurales :
_b: conceptos y primeras aplicaciones en México.
260 _aXalapa, Ver. :
_bINIREB,
_c1987.
300 _a83 p. :
_b: ilus., gráfs.
590 _aBATCH-UPD
_b10
_c20130110
_lUCH01
_h0704
590 _aBATCH-UPD
_b10
_c20130410
_lUCH01
_h0349
590 _aBATCH-UPD
_b10
_c20130914
_lUCH01
_h1534
590 _aCONVERSION
_b10
_c20130109
_lUCH01
_h1337
590 _aE11695DGD
_b10
_c20150414
_lUCH01
_h1452
650 1 4 _aSuelos
_xEstructura.
_9110360
650 1 4 _aSuelos
_xFormación.
_9110377
650 1 4 _aSuelos
_xMapas.
_9110427
700 0 _aRossignol, Jean Piette.
_9100222
901 _aBK
942 _cLIBRO
942 _n0
949 _a631.47 G4
_bBC
_cCONG
_d33724000078168
_eCONG
_fc.3
_h72661
_i78428
_si
949 _a631.47 G4
_bBC
_cLIBRO
_d33724000078176
_eLIBRO
_fc.2
_h72660
_i78428
_si
949 _a631.47 G4
_bBC
_cLIBRO
_d33724000078184
_eLIBRO
_h72659
_i78428
_si
999 _c67982
_d67982